000 00483nam a2200181 a 4500
001 6022
003 CO-ViMGA
008 141112s2004 ck r 000 u spa d
040 _aCO-ViMGA
_bspa
_cCO-ViMGA
082 0 4 _a813.54 C145c
100 1 _aCain, James
_94621
245 1 0 _aEl cartero llama dos veces
260 _aBuenso Aires :
_bEmece editores,
_c1990
300 _a201 p
490 _aGrandes maestros del suspenso
650 1 4 _aNOVELA ESTADOUNIDENSE
_9761
942 _2ddc
_cBK
999 _c17996
_d17996